[Event "Olympiad Women 2024"]
[Site "Budapest HUN"]
[Date "2024.09.18"]
[Round "7.7"]
[Board "3"]
[White "Matnadze Bujiashvili, Ann"]
[Black "Guichard, Pauline"]
[Result "0-1"]
[WhiteElo "2338"]
[BlackElo "2374"]
[PlyCount "150"]
[EventDate "2024.09.11"]
[WhiteTeam "Spain"]
[BlackTeam "France"]
[WhiteTeamCountry "ESP"]
[BlackTeamCountry "FRA"]

1. Nf3 Nf6 2. b3 d5 3. Bb2 c5 4. g3 Nc6 5. Bg2 Bg4 6. h3 Bh5 7. O-O e6 8. d3 Be7 9. Nbd2 Qc7 10. a3 O-O 11. Qe1 Rfd8 $146 ({RR} 11... Rad8 12. c4 Rfe8 13. cxd5 exd5 14. Rc1 d4 15. Qd1 Bf8 16. Re1 h6 17. b4 cxb4 18. Bxd4 bxa3 19. Bxf6 gxf6 20. Qa4 Qa5 21. Qf4 Ne5 22. Ne4 Bg7 23. Nh4 Re6 24. Nf5 Ng6 25. Qc7 Qxc7 26. Rxc7 {½-½ Ramon Pita,V (2149)-Arribas Robaina,M (2333) CUB-ch (Women) 2016 (9)}) 12. e4 dxe4 13. dxe4 Nd4 14. Rc1 Bxf3 15. Nxf3 Nxf3+ 16. Bxf3 c4 17. bxc4 Qxc4 18. e5 Nd5 19. Be2 Qc6 20. Bd3 Nb6 21. Qe2 Rac8 22. Rb1 Nc4 23. Bc1 b6 24. Rb3 Qc5 25. a4 Na5 26. Rb5 Qc7 27. h4 Rd4 28. f4 Nc6 29. f5 Bc5 30. Be3 Qxe5 31. Bxd4 Qxe2 32. Bxe2 Nxd4 33. Kg2 Nxe2 34. fxe6 fxe6 35. Rb3 Nd4 36. Rd3 Nxc2 37. Rc1 Nb4 38. Rd7 a5 39. h5 Rf8 40. Re1 Rf6 41. Rd8+ Kf7 42. Rd7+ Be7 43. Rc1 Nd5 44. Rb7 h6 45. Ra1 Rf5 46. g4 Rf4 47. Kg3 Kf6 48. Rxb6 Rxg4+ 49. Kxg4 Nxb6 50. Kf4 Bb4 51. Ke4 Bc3 52. Ra3 Nd5 53. Ra2 Kg5 54. Rh2 Nf6+ 55. Kd3 Bb4 56. Rg2+ Ng4 57. Ke4 Kxh5 58. Kf4 g5+ 59. Ke4 Nf6+ 60. Ke5 Nd5 61. Rh2+ Kg6 62. Kxe6 Nc3 63. Rf2 g4 64. Ke5 Kg5 65. Rf5+ Kh4 66. Kf4 Nxa4 67. Rd5 Nc5 68. Rd6 h5 69. Rd1 Ne6+ 70. Kf5 Ng5 71. Rd4 Nf3 72. Re4 Kh3 73. Rf4 Bd2 74. Ra4 g3 75. Ra3 g2 0-1

[Event "Olympiad Women 2024"]
[Site "Budapest HUN"]
[Date "2024.09.18"]
[Round "7.7"]
[Board "4"]
[White "Hejazipour, Mitra"]
[Black "Calzetta Ruiz, Monica"]
[Result "0-1"]
[WhiteElo "2327"]
[BlackElo "2199"]
[PlyCount "86"]
[EventDate "2024.09.11"]
[WhiteTeam "France"]
[BlackTeam "Spain"]
[WhiteTeamCountry "FRA"]
[BlackTeamCountry "ESP"]

1. d4 d5 2. c4 c5 3. Nf3 Nf6 4. g3 ({RR} 4. dxc5 e6 5. Be3 Nc6 6. Nc3 Qa5 7. Nd2 Ng4 8. Bf4 d4 9. Nb3 Qd8 10. Nb5 e5 11. Bg3 a6 12. Nd6+ Bxd6 13. cxd6 Qxd6 14. e3 Qb4+ 15. Qd2 dxe3 16. Qxb4 Nxb4 17. Ke2 Be6 18. fxe3 Nc2 {0-1 Fridman,D (2591)-Keinanen,T (2542) Hiiumaa Brewery Open 2024 (9.5)}) 4... cxd4 5. Nxd4 e5 6. Nb3 $146 ({RR} 6. Nf3 e4 7. Nd4 Bb4+ 8. Bd2 Bxd2+ 9. Qxd2 O-O 10. Bg2 dxc4 11. O-O Re8 12. e3 Nc6 13. Nxc6 Qxd2 14. Nxd2 bxc6 15. Nxc4 Ba6 16. Rfc1 Red8 17. Ne5 Rd2 18. Rxc6 Bb5 19. Rc7 Rxb2 20. Rac1 Re8 {1-0 Yuruultei Batbaatar (1433)-Hartikainen,J (2108) Titled Tue 29th Aug Early 2023 (5)}) 6... Nc6 7. Bg2 d4 8. O-O Be6 9. N3d2 Bc5 10. b3 O-O 11. Ba3 Bxa3 12. Nxa3 Qd7 13. Ne4 Nxe4 14. Bxe4 Bh3 15. Re1 f5 16. Bd5+ Kh8 17. Qd2 f4 18. Nc2 Rf6 19. f3 Raf8 20. g4 h5 21. g5 Rg6 22. Kh1 Rxg5 23. Rg1 Rxg1+ 24. Rxg1 Ne7 25. Be4 Bf5 26. Qd3 g6 27. Nb4 Kh7 28. Nd5 Nxd5 29. cxd5 Kh6 30. Rc1 Rd8 31. d6 Bxe4 32. Qxe4 Qxd6 33. Qxb7 d3 34. exd3 Qxd3 35. Qe4 Qxe4 36. fxe4 Rd4 37. Rc7 Rxe4 38. Rxa7 f3 39. Kg1 Re2 40. Rf7 e4 41. h4 Rxa2 42. Rf4 Rg2+ 43. Kf1 Rg4 0-1

[Event "Olympiad Women 2024"]
[Site "Budapest HUN"]
[Date "2024.09.18"]
[Round "7.8"]
[Board "1"]
[White "Ouellet, Maili-Jade"]
[Black "Stefanova, Antoaneta"]
[Result "1/2-1/2"]
[WhiteElo "2318"]
[BlackElo "2416"]
[PlyCount "131"]
[EventDate "2024.09.11"]
[WhiteTeam "Canada"]
[BlackTeam "Bulgaria"]
[WhiteTeamCountry "CAN"]
[BlackTeamCountry "BUL"]

1. d4 d5 2. c4 c6 3. Nc3 Nf6 4. Nf3 e6 5. Bg5 h6 6. Bxf6 Qxf6 7. e3 g6 8. Be2 Bg7 9. e4 ({RR} 9. O-O O-O 10. Ne5 c5 11. cxd5 exd5 12. Nxd5 Qd6 13. Qb3 cxd4 14. Nxg6 fxg6 15. Nc7+ Kh7 16. Nxa8 Nc6 17. Rac1 Qe7 18. Qa3 Qd8 19. exd4 Nxd4 20. Rfe1 Bd7 21. Qd6 Qg5 22. f4 Rxf4 23. Qxd7 Rh4 {½-½ LCZero 0.31-dag-5350a2e-BT4-6 (3631)-Stockfish dev-20240728-2343f7 (3662) TCEC 26 Balanced Lines 2024 (27.1)}) 9... Qd8 ({RR} 9... dxc4 10. e5 Qe7 11. Bxc4 O-O 12. O-O Rd8 13. Re1 Nd7 14. Rc1 Nb6 15. Bb3 a5 16. a3 Bd7 17. Ne4 Be8 18. h4 a4 19. Ba2 h5 20. Qd2 c5 21. Rxc5 Bc6 22. Qf4 Nd7 23. Rc3 Nf8 24. Nf6+ {1-0 Ioannidis,E (2518)-Celik,H (2421) 24th Dubai Open A 2024 (7.12)}) 10. e5 O-O 11. O-O Nd7 $146 ({RR} 11... dxc4 12. Bxc4 c5 13. dxc5 Nd7 14. Qe2 Nxc5 15. Rfd1 Qe7 16. Nb5 Bd7 17. Nd6 Bc6 18. Nd4 Qg5 19. Nxc6 bxc6 20. b4 Na4 21. Re1 Rad8 22. Rac1 Nb6 23. Bb3 Nd5 24. Rxc6 Nxb4 25. Rc7 Qxe5 26. Qxe5 {0-1 Ostlund,J (2326)-Raja,R (2500) 51st Rilton Cup 2023-24 (5.4)}) ({RR} 11... c5 12. cxd5 exd5 13. dxc5 Nc6 14. Qxd5 Qa5 15. Bb5 Nb4 16. Qb3 Bg4 17. a3 Nc6 18. Bxc6 bxc6 19. Qb4 Qxb4 20. axb4 Bxf3 21. gxf3 Bxe5 22. Rfe1 f6 23. Ra6 Rfc8 24. f4 Bxf4 25. Re6 Kf7 26. Rexc6 {1-0 Bacrot,E (2705)-Fressinet,L (2702) Corsica Masters KO 16th rapid 2012 (4.1)}) ({RR} 11... c5 12. dxc5 dxc4 13. Bxc4 Nd7 14. Ne4 Nxe5 15. Nxe5 Bxe5 16. Qe2 Qc7 17. g3 b6 18. Rac1 bxc5 19. Bd3 Qb6 20. Nxc5 Bd4 21. b4 Qxb4 22. Be4 Rb8 23. Rb1 Qxb1 24. Rxb1 Rxb1+ 25. Bxb1 Bxc5 26. Qe5 {½-½ Kramnik,V (2801)-Anand,V (2783) Alekhine Memorial 2013 (6)}) 12. Qc2 dxc4 13. Bxc4 c5 14. Rad1 cxd4 15. Nxd4 Qc7 16. Ncb5 Qxe5 17. Rfe1 Qc5 18. Nxe6 fxe6 19. Rxd7 Kh8 20. Rc7 Qb6 21. Re3 e5 22. Bd3 Be6 23. Qc5 Qxc5 24. Rxc5 Rac8 25. Rxc8 Rxc8 26. h4 Bf6 27. Bxg6 Bxh4 28. Nc3 Rc5 29. f4 Kg7 30. Bd3 Bf6 31. f5 Bf7 32. Rg3+ Kf8 33. Be4 b5 34. a3 a5 35. Rd3 b4 36. axb4 axb4 37. Nd5 Bg5 38. b3 Rc1+ 39. Kf2 Bh4+ 40. g3 Rc2+ 41. Ke1 Bh5 42. gxh4 Re2+ 43. Kf1 Rxe4 44. Re3 Rxe3 45. Nxe3 Bf7 46. Nc2 Bxb3 47. Nxb4 Kf7 48. Kf2 Kf6 49. Ke3 Kxf5 50. Nc6 Bd5 51. Nb4 Be4 52. Na6 Ba8 53. Nc5 e4 54. h5 Bc6 55. Kd4 Kf4 56. Ne6+ Kg4 57. Ke3 Kxh5 58. Kf4 Kh4 59. Nd4 Bd7 60. Kxe4 Kg4 61. Ke3 h5 62. Kf2 Kh3 63. Ne2 h4 64. Nf4+ Kg4 65. Ng6 Bf5 66. Nxh4 1/2-1/2

[Event "Olympiad Women 2024"]
[Site "Budapest HUN"]
[Date "2024.09.18"]
[Round "7.8"]
[Board "2"]
[White "Salimova, Nurgyul"]
[Black "Pham, Bich Ngoc"]
[Result "1/2-1/2"]
[WhiteElo "2412"]
[BlackElo "2199"]
[PlyCount "147"]
[EventDate "2024.09.11"]
[WhiteTeam "Bulgaria"]
[BlackTeam "Canada"]
[WhiteTeamCountry "BUL"]
[BlackTeamCountry "CAN"]

1. d4 Nf6 2. Nf3 e6 3. Bf4 d5 4. e3 c5 5. c3 Nc6 6. Nbd2 cxd4 7. exd4 Nh5 8. Be3 Bd6 9. Bd3 Nf4 10. Bxf4 Bxf4 11. O-O O-O 12. Re1 Bd7 13. g3 Bh6 14. Nf1 g6 15. h4 f6 16. Ne3 Ne7 $146 ({RR} 16... Kh8 17. h5 gxh5 18. Kg2 e5 19. dxe5 fxe5 20. Nxd5 Bg4 21. Be4 Qd7 22. Ne3 Qf7 23. Qe2 Bxe3 24. Qxe3 Rae8 25. Rh1 Qg7 26. Rh4 Re6 27. Nh2 Ref6 28. Nxg4 hxg4 29. Rxh7+ Qxh7 30. Bxh7 Kxh7 31. Rh1+ {1-0 Darini,P (2408)-Anton Guijarro,D (2672) Titled Tue 20th Feb Early 2024 (8)}) 17. c4 Bxe3 18. Rxe3 dxc4 19. Bxc4 Nd5 20. Bxd5 exd5 21. Qb3 Bc6 22. Rae1 Qd7 23. Re7 Qf5 24. Qe3 Rf7 25. Rxf7 Kxf7 26. Qh6 Qh5 27. Qf4 Qf5 28. Qc7+ Qd7 29. Qa5 a6 30. Kg2 Re8 31. Rxe8 Qxe8 32. Qc7+ Qe7 33. Qb8 Qe4 34. Qc7+ Kg8 35. b3 h6 36. Qc8+ Kg7 37. g4 Qf4 38. Qe6 Qe4 39. Qxe4 dxe4 40. Ne1 g5 41. Kg3 f5 42. gxf5 Kf6 43. Ng2 gxh4+ 44. Nxh4 Kg5 45. f6 Bd5 46. Ng2 b5 47. Ne3 Bg8 48. b4 h5 49. d5 Bf7 50. a3 Bg8 51. d6 h4+ 52. Kh2 Kxf6 53. Ng4+ Ke6 54. d7 Ke7 55. Kh3 Be6 56. Kxh4 Bxd7 57. Kg5 Ke6 58. Kf4 Bc6 59. Ne3 Bb7 60. Nf1 Kd5 61. Nd2 Kd4 62. Nb3+ Kc3 63. Nc5 Bc8 64. Kxe4 Kb2 65. Kd4 Kxa3 66. Kc3 Ka2 67. f4 Ka3 68. Nb3 Ka4 69. Nc5+ Ka3 70. Nd3 Ka4 71. Ne5 a5 72. Nc6 axb4+ 73. Nxb4 Bh3 74. Nd5 1/2-1/2

[Event "Olympiad Women 2024"]
[Site "Budapest HUN"]
[Date "2024.09.18"]
[Round "7.8"]
[Board "3"]
[White "Demchenko, Svitlana"]
[Black "Radeva, Viktoria"]
[Result "0-1"]
[WhiteElo "2167"]
[BlackElo "2297"]
[PlyCount "116"]
[EventDate "2024.09.11"]
[WhiteTeam "Canada"]
[BlackTeam "Bulgaria"]
[WhiteTeamCountry "CAN"]
[BlackTeamCountry "BUL"]

1. d4 Nf6 2. Nf3 e6 3. Bf4 b6 4. e3 Bb7 5. Bd3 Nh5 6. Bg5 Be7 7. Bxe7 Qxe7 8. O-O d6 9. c4 O-O ({RR} 9... Nf6 10. Nc3 O-O 11. e4 e5 12. Nd5 Nxd5 13. cxd5 exd4 14. Nxd4 c5 15. Nf5 Qf6 16. f4 Bc8 17. e5 dxe5 18. fxe5 Qxe5 19. Re1 Qxb2 20. Ne7+ Kh8 21. Kh1 Qd4 22. Qf3 Bg4 23. Qg3 Nd7 24. Bxh7 {1-0 Eljanov,P (2672)-Klymchuk,A (2405) Titled Tue 2nd Jul Early 2024 (6)}) 10. Nc3 g6 11. Re1 Nd7 12. e4 $146 ({RR} 12. Be4 Bxe4 13. Nxe4 Rfd8 14. Nc3 c5 15. a3 Nhf6 16. b4 Rac8 17. Nd2 d5 18. Qb3 cxd4 19. exd4 dxc4 20. Nxc4 Nb8 21. Ne2 Nc6 22. Rad1 Nd5 23. b5 Na5 24. Nxa5 bxa5 25. Qa4 Nc3 26. Nxc3 Rxc3 {½-½ Mueer,S (2202)-Bode,W (2352) Oberliga Nord W 2122 2021 (4.1)}) 12... e5 13. Rc1 Rae8 14. a3 Qd8 15. Bc2 Nf4 16. g3 Ne6 17. d5 Ng7 18. Qd2 Bc8 19. Qh6 f6 20. b4 Re7 21. Nb5 a6 22. Na7 Nb8 23. c5 Bd7 24. Bb3 Qe8 25. Qe3 bxc5 26. bxc5 Kh8 27. cxd6 cxd6 28. Qb6 Bg4 29. Nd2 Qf7 30. Nc6 Rb7 31. Qe3 f5 32. f3 f4 33. gxf4 exf4 34. Qc3 Bh3 35. Nc4 Qc7 36. N4a5 Rb5 37. Bc4 Qb6+ 38. Kh1 Qf2 39. Bf1 Rb2 40. Qxb2 Qxb2 41. Bxh3 Qxa3 42. Kg2 h5 43. Nc4 Qa2+ 44. Kg1 g5 45. Rf1 g4 46. Rf2 Qa4 47. Nxb8 Rxb8 48. fxg4 Rc8 49. Bf1 Qd7 50. g5 Rf8 51. Be2 Qe7 52. h4 Qxe4 53. Bf3 Qe7 54. Re2 Qa7+ 55. Kh2 Nf5 56. Be4 Ng3 57. Ree1 Nxe4 58. Rxe4 Qf2+ 0-1

[Event "Olympiad Women 2024"]
[Site "Budapest HUN"]
[Date "2024.09.18"]
[Round "7.8"]
[Board "4"]
[White "Peycheva, Gergana"]
[Black "Golubeva, Oksana"]
[Result "1/2-1/2"]
[WhiteElo "2248"]
[BlackElo "2119"]
[PlyCount "135"]
[EventDate "2024.09.11"]
[WhiteTeam "Bulgaria"]
[BlackTeam "Canada"]
[WhiteTeamCountry "BUL"]
[BlackTeamCountry "CAN"]

1. d4 d5 2. c4 e6 3. Nc3 Nf6 4. cxd5 exd5 5. Bg5 Be7 6. e3 h6 7. Bh4 Bg4 8. f3 Be6 9. Bd3 O-O 10. Nge2 c5 11. O-O Nc6 12. Kh1 ({RR} 12. Re1 Re8 13. Bc2 Rc8 14. Nf4 cxd4 15. Nxe6 fxe6 16. exd4 Nxd4 17. Bg6 Rf8 18. Bf2 Nc6 19. Rxe6 d4 20. Ne2 Bc5 21. Nf4 Nd5 22. Qb3 Nxf4 23. Rd6+ Kh8 24. Rxd8 Rcxd8 25. Qxb7 Ne5 26. Be4 Bb6 {1-0 Nakamura,H (2794)-Carlsen,M (2830) 12th Norway Armageddon 2024 (7.1)}) 12... cxd4 13. exd4 Qd7 ({RR} 13... Rc8 14. Rc1 Re8 15. Bb1 Qd7 16. Qd3 g6 17. Qd2 Kg7 18. Bf2 Bf8 19. Rfe1 Bf5 20. Bxf5 Qxf5 21. Ng3 Qd7 22. Rxe8 Rxe8 23. Re1 Rc8 24. Nge2 Ne7 25. Nf4 Nf5 26. Nd3 Qd8 27. Ne5 Bb4 28. Rc1 {0-1 Sinitsyn,A (2005)-Slagboom,L (2331) 32nd EY Open U18 2024 (1.26)}) 14. Bf2 $146 ({RR} 14. Qb3 Rfe8 15. Rad1 Rac8 16. a3 Na5 17. Qa2 Nc4 18. Nf4 Ne3 19. Bb5 Rc6 20. Nxe6 Nxd1 21. Rxd1 Qxe6 22. Re1 Qd7 23. Qb1 Bd8 24. Bg3 Ba5 25. Bxc6 Qxc6 26. Rxe8+ Nxe8 27. Ne2 Bc7 28. Qc1 Qxc1+ {½-½ Erigaisi,A (2710)-Moussard,J (2654) 56th Biel GM 2023 (5.4)}) 14... Bd6 15. Ng3 Rac8 16. Na4 b6 17. Nc3 Na5 18. Ba6 Rcd8 19. Bb5 Qb7 20. Qd3 Nc6 21. Nf5 Bxf5 22. Qxf5 Ne7 23. Qd3 Ng6 24. g3 Qc8 25. Kg2 Nh5 26. Ne2 Qe6 27. Qe3 Qf6 28. f4 Ne7 29. Qf3 Qg6 30. f5 Nxf5 31. g4 Ne7 32. Kh1 Nf6 33. Rg1 Qe4 34. Qxe4 Nxe4 35. Be1 Ng6 36. Nc3 Ng5 37. Rf1 Ne6 38. Rd1 Be7 39. Bf2 Bg5 40. a3 Rd6 41. Bg3 Bf4 42. Be1 Be3 43. Ne2 Bg5 44. Bb4 Rdd8 45. Bxf8 Kxf8 46. Rf3 Bf6 47. Rc3 Ne7 48. Ba4 Nc8 49. Bc2 Nd6 50. Bf5 Ng5 51. Kg2 Nc4 52. h4 Ne6 53. Bxe6 fxe6 54. Nf4 Kg8 55. g5 e5 56. gxf6 exf4 57. Kf3 gxf6 58. Kxf4 Re8 59. b3 Re4+ 60. Kf3 Nd6 61. a4 Kf7 62. Rc7+ Ke6 63. Rxa7 Nf5 64. Rb7 Re3+ 65. Kf4 Re4+ 66. Kf3 Re3+ 67. Kg4 Re4+ 68. Kf3 1/2-1/2

[Event "Olympiad Women 2024"]
[Site "Budapest HUN"]
[Date "2024.09.18"]
[Round "7.9"]
[Board "1"]
[White "Cori T., Deysi"]
[Black "Roebers, Eline"]
[Result "1-0"]
[WhiteElo "2366"]
[BlackElo "2340"]
[PlyCount "71"]
[EventDate "2024.09.11"]
[WhiteTeam "Peru"]
[BlackTeam "Netherlands"]
[WhiteTeamCountry "PER"]
[BlackTeamCountry "NED"]

1. Nf3 Nf6 2. g3 g6 3. b3 Bg7 4. Bb2 O-O 5. Bg2 c5 6. c4 d6 7. d4 d5 8. O-O Nc6 9. Na3 ({RR} 9. cxd5 Nxd5 10. Qd2 cxd4 11. Nxd4 Nxd4 12. Bxd4 Nf4 13. Bxg7 Qxd2 14. Nxd2 Nxe2+ 15. Kh1 Kxg7 16. Rfe1 Nd4 17. Rxe7 Rd8 18. Nc4 Kf8 19. Re5 Rb8 20. h3 Be6 21. Ne3 b6 22. Rd1 Rd6 23. Nc2 Rbd8 {0-1 Laxman,R (2338)-Gupta,A (2605) 1st Bangalore Int Open 2024 (4.5)}) 9... cxd4 10. Nxd4 Nxd4 11. Qxd4 Be6 $146 ({RR} 11... Qa5 12. b4 Qxb4 13. cxd5 Qxd4 14. Bxd4 Rd8 15. Rfd1 Bg4 16. f3 Bd7 17. e4 e6 18. Rd2 exd5 19. exd5 Rac8 20. Re1 Ba4 21. f4 b5 22. Bxa7 Bf8 23. Rd3 b4 24. Nb1 Bc2 25. Rd2 b3 26. a3 {0-1 Aghamaliyev,C (2491)-Selbes,T (2329) TUR-chT2 Konya 2015 (4.2)}) 12. c5 Rc8 13. Rac1 Qd7 14. Rfd1 Rfd8 15. Qb4 Qc7 16. Nb5 Qb8 17. Nd4 Bd7 18. Nf3 Bc6 19. Be5 Qa8 20. a4 Ne8 21. Bh3 Bd7 22. Bxd7 Rxd7 23. Bxg7 Nxg7 24. Ne5 Rdd8 25. c6 Rc7 26. Nxf7 Rf8 27. Nh6+ Kh8 28. Rxd5 bxc6 29. Qd4 Qb8 30. Rd8 Rxd8 31. Nf7+ Kg8 32. Nxd8 Qxb3 33. Nxc6 Ne6 34. Qe5 Rd7 35. Kg2 Kf7 36. Rc3 1-0

[Event "Olympiad Women 2024"]
[Site "Budapest HUN"]
[Date "2024.09.18"]
[Round "7.9"]
[Board "2"]
[White "Peng, Zhaoqin"]
[Black "Aliaga Fernandez, Ingrid Y"]
[Result "1-0"]
[WhiteElo "2349"]
[BlackElo "2111"]
[PlyCount "95"]
[EventDate "2024.09.11"]
[WhiteTeam "Netherlands"]
[BlackTeam "Peru"]
[WhiteTeamCountry "NED"]
[BlackTeamCountry "PER"]

1. Nf3 {ChessBase II} d5 2. e3 Nf6 3. c4 e6 4. b3 b6 5. Bb2 Bb7 6. Nc3 ({RR} 6. cxd5 exd5 7. Nc3 Nbd7 8. d4 a6 9. Bd3 Bd6 10. O-O O-O 11. Rc1 Ne4 12. Rc2 Qe7 13. Qc1 Ndf6 14. Ne2 c5 15. Ng3 Nxg3 16. hxg3 Ne4 17. dxc5 bxc5 18. Bxe4 dxe4 19. Nd2 Rad8 20. Nc4 Bc7) 6... a6 7. d4 ({RR} 7. cxd5 exd5 8. d4 Bd6 9. g3 O-O 10. Bg2 Nbd7 11. O-O Qe7 ({RR} 11... Re8 12. Rc1 Ne4 13. Rc2 Ndf6 14. Qc1 Ng4 15. Ba3 Rc8 16. Na4 a5 17. h3 Ngf6 18. Rd1 Bb4 19. Ne5 c5 20. Bb2 c4 21. bxc4 dxc4 22. Nxc4 b5 23. Nc5 bxc4 24. Nxb7 Qe7 25. Nc5 c3 26. Ba1) 12. a4 Ne4 13. Ne2 a5 14. Nf4 Rac8 15. Re1 Bb4 16. Re2 Nc3 17. Bxc3 Bxc3 18. Rc1 Bb4 19. Rec2 c6 20. Nd3 Bd6 21. Qd2 g6 {½-½ Karjakin,S (2785)-So,W (2808) Tata Steel-A 79th 2017 (8)}) 7... Bd6 8. Bd3 Nbd7 9. Qc2 ({RR} 9. O-O Ne4 10. Qc2 Nxc3 11. Bxc3 dxc4 12. bxc4 Bxf3 13. gxf3 O-O 14. Kh1 f5 15. f4 Nf6 16. Rg1 Qe8 17. Rg5 Qc6+ 18. Kg1 Rf7 19. d5 exd5 20. cxd5 Nxd5 21. Bxg7 Qxc2 22. Bd4+ Kf8 23. Bxc2 c5 {1-0 Balla,T (2291)-Bulmaga,I (2394) Titled Tue 2nd Apr Early 2024 (10)}) 9... Qe7 $146 ({RR} 9... O-O 10. cxd5 exd5 11. O-O Qe7 12. Rac1 Ne4 13. Ne2 Rac8 14. Ng3 f5 15. Qe2 Ra8 16. Rc2 g6 17. Rfc1 c6 18. Qf1 b5 19. a4 Rfe8 20. Ra1 h5 21. Ne2 g5 22. g3 h4 23. gxh4 g4 24. Qg2 {0-1 Larino Nieto,D (2461)-Bruzon Batista,L (2639) Gran Canaria Online Blitz 2021 (9)}) ({RR} 9... c5 10. cxd5 exd5 11. O-O O-O 12. Rad1 Rc8 13. dxc5 bxc5 14. Bf5 Qc7 15. Ne2 Rcd8 16. Ng3 Rfe8 17. Rc1 a5 18. Rfd1 g6 19. Bh3 Bf8 20. Qc3 Be7 21. e4 Nb6 22. Qxa5 dxe4 23. Ne5 Ra8 24. Qb5 {0-1 Nigmatov,O (2494)-Raja,H (2440) Wch U20 58th 2019 (11)}) 10. e4 dxe4 11. Nxe4 Nxe4 12. Bxe4 Bb4+ 13. Ke2 Bxe4 14. Qxe4 O-O 15. a3 Bd6 16. Rhe1 Qf6 17. Kf1 Qg6 18. Qe2 a5 19. Rad1 Rfd8 20. Rd3 h6 21. Red1 Nf6 22. g3 Re8 23. h3 a4 24. b4 b5 25. cxb5 Qh5 26. h4 Qxb5 27. Kg1 Qd5 28. Ne5 Qb5 29. Qf3 Qd5 30. Qe2 Qb5 31. Bc1 Rad8 32. Nf3 Rd7 33. Qc2 Red8 34. Rc3 Nd5 35. Rc4 Nf6 36. Re1 Ra8 37. Ne5 Rdd8 38. Nc6 Re8 39. Rc3 Qd5 40. Ne5 Qxd4 41. Rd3 Qb6 42. Bb2 Qb5 43. Rf3 h5 44. Nxf7 Kxf7 45. Bxf6 Kg8 46. Qg6 Bf8 47. Bxg7 Bxg7 48. Rf7 1-0

[Event "Olympiad Women 2024"]
[Site "Budapest HUN"]
[Date "2024.09.18"]
[Round "7.9"]
[Board "3"]
[White "Contreras Huaman, Fiorella"]
[Black "Van Foreest, Machteld"]
[Result "0-1"]
[WhiteElo "2168"]
[BlackElo "2224"]
[PlyCount "86"]
[EventDate "2024.09.11"]
[WhiteTeam "Peru"]
[BlackTeam "Netherlands"]
[WhiteTeamCountry "PER"]
[BlackTeamCountry "NED"]

1. e4 {ChessBase II} c5 2. Nc3 Nc6 3. g3 g6 4. Bg2 Bg7 5. d3 d6 6. Nge2 ({RR} 6. Be3) 6... e5 ({RR} 6... e6) 7. Nd5 Nge7 8. h4 ({RR} 8. Nec3 O-O 9. Be3 Nxd5 10. Nxd5 Ne7 11. Nxe7+ Qxe7 12. Qd2 f5) ({RR} 8. c3 O-O 9. h4) ({RR} 8. Nec3 Rb8 9. h4 h6 10. a3 Nxd5 11. Nxd5 Ne7 12. Nxe7 Qxe7 13. Bd2 {½-½ Spassky,B (2620)-Suba,M (2580) Reggio Emilia-A 8687 29th 1986}) 8... h6 $146 ({RR} 8... Nxd5 9. exd5 Ne7 10. h5 gxh5 11. Rxh5 Bf5 12. Bh6 Bxh6 13. Rxh6 Bg6 14. Qd2 Qb6 15. O-O-O O-O-O 16. f4 Kb8 17. g4 exf4 18. Nxf4 Rde8 19. Rf1 Qc7 20. Qc3 Rhf8 21. Qg7 Qa5 22. Rhh1 Qxa2 23. Nxg6 {0-1 Seret,J (2350)-Giffard,N (2270) Finale Interligues 7879 1978 (2)} ({RR} 23. Kd2)) ({RR} 8... Nxd5 9. exd5 Nd4 10. c3 Nxe2 11. Qxe2 h5 12. Bg5 f6 13. Bd2 Bf5 {½-½ Ejsing,E (2116)-Berg,K (2278) 60th TCh-DEN Ex 2022-23 (6.3)}) 9. c3 Nxd5 10. exd5 Ne7 11. b4 O-O 12. Rb1 b6 13. O-O Bg4 14. bxc5 bxc5 15. Qc2 Qc8 16. c4 Bd7 17. Nc3 Nf5 18. Be3 Nxe3 19. fxe3 f5 20. Nb5 Rf6 21. Nc3 h5 22. Qb3 Rf8 23. Nb5 Bxb5 24. Qxb5 f4 25. Qc6 Qd8 26. Bh3 fxe3 27. Rxf8+ Qxf8 28. Rf1 e2 29. Re1 Rb8 30. Kg2 e4 31. dxe4 Rb2 32. Qd7 Bd4 33. Be6+ Kh8 34. Bf7 Qg7 35. Qe8+ Kh7 36. Kf3 Qf6+ 37. Kg2 Qf2+ 38. Kh3 Qf1+ 39. Kh2 Bg1+ 40. Kh1 Qh3+ 41. Kxg1 Qxg3+ 42. Kh1 Qxe1+ 43. Kg2 Qh1+ 0-1

[Event "Olympiad Women 2024"]
[Site "Budapest HUN"]
[Date "2024.09.18"]
[Round "7.9"]
[Board "4"]
[White "Bensdorp-De Labaca, Marlies"]
[Black "Garcia Andrada, Heidy Nicole"]
[Result "1-0"]
[WhiteElo "2241"]
[BlackElo "2003"]
[PlyCount "117"]
[EventDate "2024.09.11"]
[WhiteTeam "Netherlands"]
[BlackTeam "Peru"]
[WhiteTeamCountry "NED"]
[BlackTeamCountry "PER"]

1. d4 e6 2. Nf3 b6 3. e4 Bb7 4. Bd3 d6 5. O-O Nd7 6. Re1 c5 ({RR} 6... g6 7. Nbd2 Bg7 8. c3 a6 9. Nf1 e5 10. h3 Ngf6 11. Ng3 O-O 12. Bg5 h6 13. Be3 Re8 14. Qc2 Qe7 {½-½ Alekseev,E (2620)-Kamsky,G (2675) St Petersburg rapid 2018 (6)}) 7. c3 Qc7 ({RR} 7... Ne7 8. Bf4 Ng6 9. Bg3 Be7 10. Nbd2 O-O 11. Nc4 Nf6 12. Qe2 Nh5 13. Rad1 Ngf4 14. Bxf4 Nxf4 15. Qe3 Nxd3 16. Qxd3 Ba6 17. d5 e5 18. b3 g6 19. Qc2 f5 20. Nfd2 f4 21. f3 g5 22. Nf1 {0-1 Iturry,W (2172)-Garcia Andrada,H (1854) Zubieta Baptista Mem 2023 (6.8)}) 8. Nbd2 Ngf6 $146 ({RR} 8... Be7 9. e5 cxd4 10. cxd4 dxe5 11. dxe5 Rd8 12. Be4 Bxe4 13. Nxe4 Nxe5 14. Qb3 Nxf3+ 15. Qxf3 Nf6 16. Bf4 Qc2 17. Rac1 Qxb2 18. Nxf6+ Qxf6 19. Qc6+ Kf8 20. Be5 Qf5 21. Qc7 f6 22. Bb2 Rd2 23. Rf1 {1-0 Steiner,B (2097)-Herrmann,J (1937) Casino op 3rd 1995 (5)}) 9. a4 Be7 10. Nf1 O-O 11. Ng3 Rfe8 12. Bd2 Bf8 13. b4 Rab8 14. Qe2 g6 15. h4 Bg7 16. h5 e5 17. d5 Nf8 18. h6 Bh8 19. Ng5 Bc8 20. f3 Bd7 21. b5 Rec8 22. Bc4 Qd8 23. Rf1 Qe7 24. Rae1 Rc7 25. Qd3 Be8 26. Re2 N6d7 27. Ref2 Bf6 28. Nh3 Bh4 29. Kh2 Nf6 30. Re2 Bd7 31. Nh1 Bxh3 32. Kxh3 N6d7 33. g3 Bg5 34. Nf2 Bxd2 35. Qxd2 g5 36. Ng4 Ng6 37. Rh2 f6 38. Ne3 Ndf8 39. Kg2 Kh8 40. Kh1 Qd8 41. Nf5 Rbb7 42. Ra1 Rf7 43. Bd3 Ne7 44. Ne3 Nfg6 45. Qg2 Rf8 46. Qh3 Rg8 47. Rha2 Qc8 48. Qe6 Qxe6 49. dxe6 Nc8 50. Bc4 Re8 51. a5 bxa5 52. Rxa5 Nf8 53. Ng4 Nxe6 54. Nxf6 Ree7 55. Bd5 Rbc7 56. Kg2 Nd8 57. Ra6 Nb6 58. Rxb6 axb6 59. Ra8 1-0